000
00305nam a2200109 a 4500
005
20140414132115.0
008
110826s19uu xx 00 eng d
050
_a
M 398.2
_b
T71 1999
245
_a
Best-loved children's stories.
260
_a
Illinois :
_b
Publications International,
_c
1999.
999
_c
114893
_d
114893